Български народни клетви (Запис номер 183845)
[ съкратено ]
| 000 -Лидер | |
|---|---|
| Контролно поле с фиксирана дължина | 02609nam a2200469 a 4500 |
| 003 - Код на организацията, давaща контролен номер | |
| Контролно поле | BLK |
| 005 - Дата и час на последна редакция | |
| Контролно поле | 20240710005433.0 |
| 008 - Елементи от данни с фиксирана дължина | |
| fixed length control field | 180411b bul|||||r ||||||| ||bul|| |
| 010 ## - Наследен системен номер | |
| LC control number | KNG00192790000 |
| 040 ## - Източник на каталожния запис | |
| Идентификатор на билиотеката - собственик на записа | BLK |
| 041 ## - Код за език | |
| Код за езика на текст/звукозапис или на отделно заглавие | Български |
| Код за езика КДБФ | Български |
| 072 #7 - Код за тематичната категория | |
| Код организация | bullib |
| Код за тематична категория | А |
| Текст | Фонд Михаил Арнаудов |
| 080 ## - УДК | |
| Текстов определител УДК | Народни вярвания. Народни обичаи. Суеверия, свързани с годишни времена, с дома, религиозни празници и др. Нестинарство |
| УДК код - определител по УДК | 398.3 |
| УДК определител | (497.2) |
| УДК - код + определител | 398.3(497.2) |
| 080 ## - УДК | |
| Текстов определител УДК | Психология на расата. Народопсихология |
| УДК код - определител по УДК | 159.922.4 |
| УДК - код + определител | 159.922.4 |
| 100 1# - Редна дума - Автор | |
| Автор | Дабева, Мариана Евтимова |
| Авторска отговорност | първи автор |
| R(LIN) | 57827 |
| 139 ## - Редно поле | |
| Редна дума | Дабева, Мариана Евтимова |
| Авторски знак | Да - Д 12 |
| 245 10 - Сведения за заглавието | |
| Заглавие | Български народни клетви |
| Подзаглавни данни | Принос към изучаването на нар. душа и нар. живот |
| Редно поле (дума) | Мариана Евтимова Дабева; предг. от Михаил Петров Арнаудов. |
| 257 ## - Страна на издаване | |
| Страна на създаване/издаване | България |
| 260 ## - Област на издателските данни | |
| Година на издаване | 1934 |
| Печатница | София : печ. С. М. Стайков |
| Място на издаване, разпространение и проч. | София |
| 300 ## - Физическа характеристика | |
| Страници | ХVІІ, 139 с. |
| Размери/Мащаб | 20 см |
| 380 ## - Жанр | |
| Жанр | Обществени науки |
| 490 ## - СЕРИИ (Колекции) | |
| 9 (RLIN) | 396381 |
| Име на серия | Частна колекция - Академик Михаил Арнаудов |
| Бележки за серията | Дарение - Основен фонд |
| 500 ## - Общи забележки | |
| Забележка | Фонд Михаил Арнаудов - Кн. е подв. с Пожелания и благословии у българския народ / Мариана Ев. Дабева. - Твърда подв. |
| 505 ## - Форматирана забележка | |
| Заглавие | Автограф с текст: На многоуважаемия г. проф. М. Арнаудов в знак на признателност. Мариана Дабева; Датиране 20 юни 1934 (инв. № 120000836901) |
| 650 #4 - Допълнително описание по предмет – тема | |
| Основно описание – тема или топоним | Фолклор, български |
| 9 (RLIN) | 246102 |
| 650 #7 - Допълнително описание по предмет – тема | |
| Основно описание – тема или топоним | Народни обичаи и обреди, български |
| Източник на редна или ключова дума | |
| 9 (RLIN) | 163359 |
| 653 ## - Ключова дума – ненормативна | |
| Ключова дума | български фолклор |
| 653 ## - Ключова дума – ненормативна | |
| Ключова дума | народни вярвания |
| 659 ## - Тематичен бюлетин | |
| Тематичен бюлетин | А |
| 700 1# - Други автори (авторска отговорност) | |
| Лично име | Арнаудов, Михаил Петров |
| 9 (RLIN) | 33558 |
| 852 ## - Местоположение | |
| Форматна сигнатура | Цб 3.200.13122 |
| Фондова буква | Хранилище |
| 852 ## - Местоположение | |
| Форматна сигнатура | МА 801 |
| Фондова буква | Фонд "Михаил Арнаудов" |
| 852 ## - Местоположение | |
| Форматна сигнатура | Цб 8.195.13122 |
| Фондова буква | Хранилище |
| 999 ## - СИСТЕМНИ КОНТРОЛНИ НОМЕРА | |
| Koha biblionumber | 183845 |
| Koha biblioitemnumber | 183845 |
| 942 ## - АРТИКУЛИ | |
| Вид на библиотечния материал | Книги |
| Скрит в OPAC | Не |
| Периодичен библиозапис | Да |
| 944 ## - СЪЗДАВАНЕ И РЕДАКЦИЯ на ЗАПИСА | |
| Създаване/Редакция | Създаване |
| Дата на регистрацията/редакция | 13.10.2016 |
| Служител, извършил регистрацията/редакцията | |
| Статус, дата на статуса | CRON CRON |
| 944 ## - СЪЗДАВАНЕ И РЕДАКЦИЯ на ЗАПИСА | |
| Създаване/Редакция | Редакция |
| Дата на регистрацията/редакция | 24.01.2017 |
| Служител, извършил регистрацията/редакцията | Виолета_Тройчева |
| 944 ## - СЪЗДАВАНЕ И РЕДАКЦИЯ на ЗАПИСА | |
| Създаване/Редакция | Редакция |
| Дата на регистрацията/редакция | 2021-07-21 |
| Служител, извършил регистрацията/редакцията | Ренета Константинова |
| 999 ## - СИСТЕМНИ КОНТРОЛНИ НОМЕРА | |
| Koha biblioitemnumber | 183845 |
| 999 ## - СИСТЕМНИ КОНТРОЛНИ НОМЕРА | |
| Koha biblioitemnumber | 183845 |
| 999 ## - СИСТЕМНИ КОНТРОЛНИ НОМЕРА | |
| Koha biblioitemnumber | 183845 |
| 999 ## - СИСТЕМНИ КОНТРОЛНИ НОМЕРА | |
| Koha biblioitemnumber | 183845 |
| Код за отписване | Код за изгубен артикул | Източник на класификационната схема | Код за повреда | Коз за рестрикции | Код за отдаване | Артикулен № | Име на библиотеката - собственик | Име на библиотеката, в която се намира в момента | Статус (Текущо местоположение) | Дата на вписване в системата | Местоположение - отдел | Цена в лева | Инвентарен номер | Систематично азбучна сигнатура | Баркод | Номер на екземпляра | Цена в евро | Служебна бележка | Служебен тип на артикула | Номерация (Хронология) |
|---|---|---|---|---|---|---|---|---|---|---|---|---|---|---|---|---|---|---|---|---|
| Не е изгубен | Universal Decimal Classification | Не е повреден | без рестрикции | ползва се в читалня | 317245 | Регионална библиотека "Любен Каравелов" Русе | Регионална библиотека "Любен Каравелов" Русе | Хранилище | 1934-01-01 | Основен фонд - ползва се само за читалня | 0.11 | 13122 | Цб 3.200.13122 | 900000042993 | 1 | 0.06 | N: стар фонд Дата: 01.01.1934 | Книги | ||
| Изтеглен | Не е изгубен | Universal Decimal Classification | Не е повреден | без рестрикции | заемане за дома | 317246 | Регионална библиотека "Любен Каравелов" Русе | Регионална библиотека "Любен Каравелов" Русе | Заемна - подръчен фонд | 1934-01-01 | Заемна - подръчен фонд | 0.00 | 4030/59 | П 398/Д 12 | 4030/59 | 2 | 0.00 | N: стар фонд Дата: 01.01.1934 | Книги | |
| Не е изгубен | Universal Decimal Classification | Не е повреден | само за читалня | Специални фондове ( старопечатни, редки и ценни, фонд М. Арнаудов) | 317247 | Регионална библиотека "Любен Каравелов" Русе | Регионална библиотека "Любен Каравелов" Русе | Фонд "Михаил Арнаудов" | 1973-01-01 | Фонд "Михаил Арнаудов" | 12.00 | 587900 | МА 801 | 120000587900 | 3 | 6.14 | Дост: DA Вид: А N: стар фонд Дата: 01.01.1973 | Книги | ||
| Не е изгубен | Universal Decimal Classification | Не е повреден | само за читалня | Специални фондове ( старопечатни, редки и ценни, фонд М. Арнаудов) | 747849 | Регионална библиотека "Любен Каравелов" Русе | Регионална библиотека "Любен Каравелов" Русе | Фонд "Михаил Арнаудов" | 2019-10-22 | Фонд "Михаил Арнаудов" | 12.00 | МА 801 | 120000836901 | 6.14 | Книги | Автограф: Мариана Дабева | ||||
| Не е изгубен | Universal Decimal Classification | Не е повреден | само за читалня | ползва се в читалня | 844179 | Регионална библиотека "Любен Каравелов" Русе | Регионална библиотека "Любен Каравелов" Русе | Хранилище | 2021-07-22 | Основен фонд - ползва се само за читалня | 0.11 | 13122-а | Цб 8.195.13122 | 900000070791 | 0.06 | Книги |